|
|
|
|
| LEADER |
01778nam a22003137a 4500 |
| 001 |
32637 |
| 003 |
BD-DhAAL |
| 005 |
20241117130834.0 |
| 008 |
180108t2016 bg ab s f000 0 eng d |
| 020 |
|
|
|a 9789845190657
|
| 040 |
|
|
|a BD-DhAAL
|
| 041 |
0 |
|
|a eng
|a ben
|
| 043 |
|
|
|a a-bg---
|
| 082 |
|
|
|a 330.954920521
|2 22
|
| 245 |
0 |
0 |
|a Economic census 2013.
|p District report : Barguna /
|c Bangladesh Bureau of Statistics (BBS), Statistics and Informatics Division (SID), Ministry of Planning, Government of the People's Republic of Bangladesh.
|
| 260 |
|
|
|a Dhaka :
|b Reproduction, Documentation & Publication (RDP) Section, Bangladesh Bureau of Statistics,
|c 2016
|
| 300 |
|
|
|a xxviii, 416 pages :
|b color illustrations, color maps ;
|c 28 cm.
|e + 1 CD-ROM (4 3/4 in.)
|
| 500 |
|
|
|a Chiefly statistical tables.
|
| 526 |
|
|
|a AAL
|
| 541 |
|
|
|a Complimentary copy
|e 32637
|
| 651 |
|
0 |
|a Bangladesh
|x Economic conditions
|y 21st century.
|9 24444
|
| 651 |
|
0 |
|a Bangladesh
|x Economic conditions
|y 21st century
|v Statistics.
|9 24445
|
| 710 |
1 |
|
|a Bangladesh Bureau of Statistics,
|b Statistics and Informatics Division (SID),
|b Ministry of Planning, Government of the People's Republic of Bangladesh.
|9 24446
|
| 852 |
|
|
|a Ayesha Abed Library
|c General Stacks
|
| 856 |
|
|
|3 Full text available on Bangladesh Bureau of Statistics
|u http://203.112.218.65:8008/WebTestApplication/userfiles/Image/EcoCen13/DistReport/Barguna.pdf
|
| 942 |
|
|
|2 ddc
|c BK
|
| 999 |
|
|
|c 38912
|d 38912
|
| 952 |
|
|
|0 0
|1 0
|2 ddc
|4 0
|6 330_954920521000000_ECO
|7 0
|9 62431
|a BRACUL
|b BRACUL
|c REF
|d 2018-01-08
|e Complimentary copy
|l 0
|o 330.954920521 ECO
|p 3010032637
|r 2018-01-08
|t 1
|w 2018-01-08
|y BK
|
| 952 |
|
|
|0 0
|1 0
|2 ddc
|4 0
|6 330_954920521000000_ECO
|7 0
|9 62432
|a BRACUL
|b BRACUL
|c AV
|d 2018-01-08
|l 0
|o 330.954920521 ECO
|p 4010032637
|r 2018-01-08
|t 1
|w 2018-01-08
|y AV
|